| 000 | aam a22 a 4500 | ||
|---|---|---|---|
| 999 |
_c904 _d904 |
||
| 003 | AKMAL | ||
| 005 | 20170505164548.0 | ||
| 008 | 170505r2000 my f00 may d | ||
| 020 |
_a9830420132: _cRM 50.00 |
||
| 040 | _aAKMAL | ||
| 082 | 0 | 4 | _a297.12259928 TAF |
| 090 | 0 | 0 |
_a297.12259928 _bTAF |
| 245 | 0 | 0 | _aTafsir pimpinan Ar. Rahman kepada pengertian Al-Quran (30 juz) |
| 260 |
_aKuala Lumpur : _bDarulfikir, _c2000 |
||
| 300 | 0 | 0 |
_axvi, 1756ms. ; _c21cm |
| 504 | _aBibliografi: ms.xiii | ||
| 521 | _aPeringkat pembaca: Dewasa | ||
| 650 | 0 |
_aQur'an _xTranslating _91813 |
|
| 942 |
_2ddc _cBOOK |
||